[Event "World Rapid 2023"]
[Site "Samarkand UZB"]
[Date "2023.12.26"]
[EventDate "2023.12.26"]
[Round "3.5"]
[Result "1/2-1/2"]
[White "Volodar Murzin"]
[Black "Santosh Gujrathi Vidit"]
[WhiteElo "2547"]
[BlackElo "2659"]
[PlyCount "74"]

1. d4 d5 2. Nf3 Nf6 3. Bf4 c5 4. e3 Nc6 5. Nbd2 cxd4 6. exd4 a6 7. c3 Bf5
8. Nh4 Bg4 9. Nhf3 e6 10. Bd3 Bd6 11. Bxd6 Qxd6 12. O-O O-O 13. Re1 Rfe8
14. Qb3 Nd7 15. Re3 e5 16. dxe5 Ndxe5 17. Nxe5 Nxe5 18. Rae1 Re7 19. Qc2 g6
20. Nb3 Rae8 21. Nd4 Bd7 22. h3 f5 23. g3 Qf6 24. Bf1 g5 25. Qb3 Bc6 26.
Bg2 Qf7 27. Nf3 Nxf3+ 28. Bxf3 Rxe3 29. Rxe3 Rxe3 30. fxe3 Qe6 31. Kf2 g4
32. hxg4 fxg4 33. Bg2 Qf5+ 34. Kg1 Qe5 35. Kf2 Qf5+ 36. Kg1 Qe5 37. Kf2
1/2-1/2

[Event "World Rapid 2023"]
[Site "Samarkand UZB"]
[Date "2023.12.26"]
[EventDate "2023.12.26"]
[Round "3.6"]
[Result "1-0"]
[White "Sarin Nihal"]
[Black "Chithambaram Vr Aravindh"]
[WhiteElo "2667"]
[BlackElo "2573"]
[PlyCount "70"]

1. e4 c5 2. Nf3 e6 3. d4 cxd4 4. Nxd4 a6 5. Bd3 Bc5 6. Nb3 Be7 7. c4 d6 8.
Nc3 Nf6 9. O-O b6 10. Qe2 Bb7 11. f4 Nbd7 12. Bd2 h5 13. Rae1 Kf8 14. Nd4
Kg8 15. f5 Nc5 16. fxe6 fxe6 17. Bc2 Ng4 18. b4 Bf6 19. Be3 Nd7 20. h3 Nxe3
21. Qxe3 Bg5 22. Qg3 Qe7 23. Nd5 exd5 24. exd5 Ne5 25. Nf5 Qf6 26. Nxd6
Qxd6 27. Rxe5 Be7 28. Qe3 Bf6 29. Re6 Qf8 30. Qxb6 Rh6 31. Qxb7 Rb8 32. Qa7
Rc8 33. Qe3 a5 34. a3 Kf7 35. Qxh6 1-0

[Event "World Rapid 2023"]
[Site "Samarkand UZB"]
[Date "2023.12.26"]
[EventDate "2023.12.26"]
[Round "3.8"]
[Result "1-0"]
[White "Anton Guijarro, David"]
[Black "Nodirbek Yakubboev"]
[WhiteElo "2625"]
[BlackElo "2564"]
[PlyCount "90"]

1. e4 e5 2. Nf3 Nc6 3. Bc4 Bc5 4. O-O Nf6 5. d3 d6 6. a4 a5 7. Be3 Bxe3 8.
fxe3 O-O 9. Nbd2 Ne7 10. Nh4 Ng6 11. Nxg6 hxg6 12. Nf3 Ng4 13. Qe1 Kh7 14.
h3 Nh6 15. g4 g5 16. h4 f6 17. hxg5 fxg5 18. Nh2 Bd7 19. Bd5 c6 20. Bb3
Rxf1+ 21. Qxf1 Qe7 22. Qh3 Rf8 23. Rf1 Rxf1+ 24. Kxf1 c5 25. Ke2 g6 26. Qf3
Kg7 27. Kf2 Qe8 28. Qd1 Bxa4 29. Ba2 Bd7 30. Kg3 Qh8 31. Kg2 b5 32. Bd5 a4
33. d4 Qc8 34. dxe5 dxe5 35. Kg3 b4 36. Qf1 Bxg4 37. Qb5 a3 38. bxa3 bxa3
39. Qb6 Bd1 40. Qd6 Ng4 41. Qe7+ Kh6 42. Be6 Qa8 43. Bxg4 Qxe4 44. Bxd1
Qxe3+ 45. Bf3 1-0

[Event "World Rapid 2023"]
[Site "Samarkand UZB"]
[Date "2023.12.26"]
[EventDate "2023.12.26"]
[Round "3.9"]
[Result "1-0"]
[White "Ivan Cheparinov"]
[Black "Igor Lysyj"]
[WhiteElo "2618"]
[BlackElo "2547"]
[PlyCount "130"]

1. e4 e5 2. Nf3 Nc6 3. Bb5 a6 4. Ba4 Nf6 5. O-O Nxe4 6. d4 b5 7. Bb3 d5 8.
dxe5 Be6 9. Qe2 Nc5 10. Rd1 Nxb3 11. cxb3 Be7 12. Nc3 O-O 13. Be3 Qd7 14.
Rd2 Rad8 15. Rad1 Qc8 16. h3 h6 17. Bf4 Rfe8 18. Nxd5 Bxd5 19. Rxd5 Rxd5
20. Rxd5 Nb4 21. Rd4 Nxa2 22. e6 Bf6 23. exf7+ Kxf7 24. Ne5+ Kg8 25. Re4
Qf5 26. Qe3 Bxe5 27. Bxe5 Nb4 28. f3 Nd5 29. Qd4 Qf7 30. Rg4 c5 31. Rxg7+
Qxg7 32. Qxd5+ Qf7 33. Qxc5 Qxb3 34. f4 Qf7 35. Kh2 Re6 36. Qc8+ Qe8 37.
Qc7 Qf7 38. Qd8+ Qe8 39. Qd5 Qc6 40. Qd3 Qe8 41. Qe4 a5 42. Qd5 Kh7 43.
Qb7+ Re7 44. Qe4+ Qg6 45. Qd5 Qe8 46. Bf6 Qd7 47. Qa8 Qf5 48. Bxe7 Qxf4+
49. g3 Qe5 50. Bf8 Qxb2+ 51. Qg2 Qf6 52. Qe4+ Kg8 53. Bc5 Qb2+ 54. Qg2 Qe5
55. Qf2 b4 56. Qf8+ Kh7 57. Qf7+ Qg7 58. Qxg7+ Kxg7 59. Kg2 Kf6 60. Kf3 Ke5
61. Ke3 Kd5 62. Bf8 h5 63. Kd3 b3 64. Bg7 a4 65. Bb2 1-0

[Event "World Rapid 2023"]
[Site "Samarkand UZB"]
[Date "2023.12.26"]
[EventDate "2023.12.26"]
[Round "3.10"]
[Result "1-0"]
[White "Maxim Matlakov"]
[Black "Zhamsaran Tsydypov"]
[WhiteElo "2671"]
[BlackElo "2533"]
[PlyCount "84"]

1. d4 g6 2. e4 Bg7 3. Nf3 d6 4. Bc4 Nf6 5. Qe2 O-O 6. O-O e5 7. dxe5 dxe5
8. Rd1 Qe7 9. b3 a6 10. a4 b6 11. Ba3 c5 12. Nc3 Nbd7 13. Nd5 Nxd5 14. Bxd5
Rb8 15. Bb2 Kh8 16. Rd2 f6 17. Rad1 Bh6 18. Rd3 b5 19. axb5 axb5 20. Bc6
Nb6 21. Bxb5 Bg7 22. Rd6 Na8 23. Bd7 Rd8 24. Re6 Qf7 25. Bxc8 Rdxc8 26.
Red6 c4 27. Rd7 Qg8 28. h4 cxb3 29. cxb3 Qxb3 30. h5 Nb6 31. R7d3 Qf7 32.
hxg6 hxg6 33. Nh4 Bh6 34. Qg4 Rg8 35. Rh3 Kh7 36. Bc1 g5 37. Nf5 Rg6 38. g3
Rh8 39. Kg2 Kg8 40. Rd8+ Bf8 41. Rxh8+ Kxh8 42. Qh5+ 1-0

[Event "World Rapid 2023"]
[Site "Samarkand UZB"]
[Date "2023.12.26"]
[EventDate "2023.12.26"]
[Round "3.11"]
[Result "1-0"]
[White "Aleksandr Shimanov"]
[Black "Aldiyar Ansat"]
[WhiteElo "2599"]
[BlackElo "2325"]
[PlyCount "62"]

1. d4 Nf6 2. Bg5 Ne4 3. Bf4 d5 4. e3 c5 5. Bd3 cxd4 6. Bxe4 dxe4 7. exd4 g6
8. Nc3 Bg7 9. Nge2 Bf5 10. Qd2 Nc6 11. O-O-O Qa5 12. Bh6 Bf6 13. h3 O-O-O
14. Qe3 e5 15. d5 Nb4 16. g4 Nxa2+ 17. Nxa2 Qxa2 18. Nc3 Qa1+ 19. Nb1 Rd7
20. gxf5 gxf5 21. Rhg1 Qa4 22. Bg5 f4 23. Qa3 Qxa3 24. Nxa3 Bg7 25. Bxf4 f5
26. Rxg7 exf4 27. Rg5 Rf8 28. Nc4 b5 29. Ne5 Rd6 30. Nc6 Kc7 31. Nd4 1-0

[Event "World Rapid 2023"]
[Site "Samarkand UZB"]
[Date "2023.12.26"]
[EventDate "2023.12.26"]
[Round "3.12"]
[Result "1-0"]
[White "Subramaniyam H Bharath"]
[Black "Xiangyu Xu"]
[WhiteElo "2426"]
[BlackElo "2598"]
[PlyCount "72"]

1. e4 c5 2. Nf3 d6 3. Nc3 Nc6 4. d4 cxd4 5. Nxd4 Nf6 6. Bc4 e6 7. Be3 Be7
8. Qe2 a6 9. f4 Qc7 10. O-O-O Na5 11. Bd3 b5 12. g4 Nd7 13. g5 b4 14. Nb1
Nc5 15. Nd2 Bb7 16. Kb1 d5 17. e5 Nc4 18. N2b3 Na4 19. Bc1 g6 20. h4 O-O-O
21. h5 Kb8 22. Rh3 Rc8 23. Rdh1 Rhf8 24. hxg6 hxg6 25. Qe1 a5 26. f5 gxf5
27. g6 Qb6 28. gxf7 Naxb2 29. Rh6 Nxd3 30. cxd3 a4 31. Rxe6 Qd8 32. dxc4
dxc4 33. Na5 Be4+ 34. Qxe4 fxe4 35. Nac6+ Kb7 36. Rxe7+ 1-0

[Event "World Rapid 2023"]
[Site "Samarkand UZB"]
[Date "2023.12.26"]
[EventDate "2023.12.26"]
[Round "3.13"]
[Result "0-1"]
[White "Jakub Seemann"]
[Black "Timur Gareyev"]
[WhiteElo "2330"]
[BlackElo "2588"]
[PlyCount "122"]

1. e4 e5 2. Nf3 Nc6 3. Bc4 Nf6 4. d3 h6 5. c3 a6 6. O-O g5 7. Nbd2 g4 8.
Ne1 d5 9. Bb3 Be6 10. Qe2 h5 11. Nc2 Bh6 12. exd5 Nxd5 13. Bxd5 Qxd5 14. c4
Qd7 15. Ne4 O-O-O 16. Bxh6 Rxh6 17. Nc5 Qd6 18. Qe3 Bf5 19. b4 Rg6 20. Rfd1
h4 21. a3 Nd4 22. Nxd4 Qxd4 23. Re1 f6 24. a4 Rgg8 25. a5 g3 26. Qxd4 Rxd4
27. Re3 gxh2+ 28. Kxh2 Rgd8 29. Rf3 Rf4 30. Rxf4 exf4 31. b5 Bxd3 32. bxa6
bxa6 33. Rc1 Rd6 34. Kh3 Bf5+ 35. Kh2 Rc6 36. Nb3 Be6 37. Re1 Bxc4 38. Nd4
Rd6 39. Nf5 Re6 40. Rc1 Bd3 41. Nxh4 Re5 42. Rc3 Be4 43. Rc4 Kd7 44. f3 Rh5
45. Rxe4 Rxh4+ 46. Kg1 c5 47. Re1 Rh5 48. Re4 Rf5 49. Kf2 Kc6 50. Re8 c4
51. Rc8+ Kb5 52. Ke2 Rd5 53. Ke1 f5 54. Ke2 Kb4 55. Rc6 Rxa5 56. Kd2 Ra2+
57. Kc1 a5 58. Rf6 Kb3 59. Rxf5 Ra1+ 60. Kd2 c3+ 61. Ke2 c2 0-1

[Event "World Rapid 2023"]
[Site "Samarkand UZB"]
[Date "2023.12.26"]
[EventDate "2023.12.26"]
[Round "3.14"]
[Result "1-0"]
[White "Maksim Chigaev"]
[Black "Arystan Isanzhulov"]
[WhiteElo "2587"]
[BlackElo "2299"]
[PlyCount "100"]

1. c4 e5 2. g3 Nf6 3. Bg2 Nc6 4. Nf3 g6 5. O-O Bg7 6. Nc3 O-O 7. d4 d6 8.
b3 Nxd4 9. Nxd4 exd4 10. Qxd4 Ne4 11. Qxe4 Bxc3 12. Rb1 Re8 13. Bg5 Bf5 14.
Qxf5 gxf5 15. Bxd8 Raxd8 16. e3 c6 17. Rfd1 a5 18. a3 Kg7 19. b4 axb4 20.
axb4 Re7 21. b5 c5 22. Rd3 Be5 23. Ra3 b6 24. Ra6 Rb8 25. Rd1 Kg6 26. Rd5
Kg7 27. Bf1 Ree8 28. Bd3 Ra8 29. Rxb6 Re7 30. Ra6 Rb8 31. Bxf5 h6 32. Kg2
Kf8 33. f4 Bc3 34. e4 h5 35. h4 Kg7 36. Rdxd6 Rg8 37. e5 Be1 38. Kf3 Ree8
39. Rd1 Bc3 40. Rd7 Kf8 41. e6 fxe6 42. Bxe6 Rg7 43. Rxg7 Kxg7 44. Ra7+ Kf6
45. Bf7 Rh8 46. Bd5 Rb8 47. Ra6+ Ke7 48. b6 Kd6 49. b7+ Kc7 50. Ra8 1-0

[Event "World Rapid 2023"]
[Site "Samarkand UZB"]
[Date "2023.12.26"]
[EventDate "2023.12.26"]
[Round "3.16"]
[Result "0-1"]
[White "Alan Pichot"]
[Black "Vachier-Lagrave, Maxime"]
[WhiteElo "2575"]
[BlackElo "2777"]
[PlyCount "108"]

1. e4 c5 2. Nf3 d6 3. d4 cxd4 4. Nxd4 Nf6 5. Nc3 a6 6. Bd3 g6 7. f3 Qb6 8.
Nb3 Bg7 9. Bg5 Be6 10. Qd2 Nbd7 11. O-O-O Rc8 12. Kb1 Ne5 13. h4 Nxd3 14.
Qxd3 h5 15. Rhe1 O-O 16. Qe3 Qxe3 17. Bxe3 b5 18. a3 Rc7 19. Bb6 Rb7 20.
Bd4 Rfb8 21. Na5 Rc7 22. Nd5 Nxd5 23. exd5 Bf5 24. Nc6 e5 25. Nxb8 Bxc2+
26. Kc1 exd4 27. Nc6 Bb3 28. Kd2 Kf8 29. Ke2 Bc4+ 30. Kf2 d3 31. b3 Bxd5
32. Nb4 Bxb3 33. Rxd3 Be6 34. Rxd6 a5 35. Nd5 Rc2+ 36. Kg3 Bd4 37. Re4 Bf2+
38. Kh2 Rd2 39. Re5 Bc5 40. Rc6 Bxa3 41. Nc3 Bd7 42. Ra6 Bd6 43. Rxd6 Rxd6
44. Nxb5 Bxb5 45. Rxb5 Ra6 46. Rb2 a4 47. Kg3 a3 48. Ra2 Ke7 49. Kf4 Ra5
50. Ke4 Ke6 51. g3 f6 52. Kd4 Kf5 53. Kc4 g5 54. Kb4 Ra8 0-1

[Event "World Rapid 2023"]
[Site "Samarkand UZB"]
[Date "2023.12.26"]
[EventDate "2023.12.26"]
[Round "3.17"]
[Result "1-0"]
[White "Levon Aronian"]
[Black "Andrey Gorovets"]
[WhiteElo "2762"]
[BlackElo "2563"]
[PlyCount "126"]

1. d4 f5 2. Nf3 Nf6 3. Bg5 e6 4. Nbd2 Be7 5. Bxf6 Bxf6 6. e4 d5 7. exf5
exf5 8. Bd3 O-O 9. O-O Nc6 10. c3 Qd6 11. Re1 Bd7 12. Nf1 g6 13. Qb3 Na5
14. Qc2 Rae8 15. Ne3 f4 16. Nf1 Kg7 17. h3 b6 18. b4 Nc4 19. Bxc4 dxc4 20.
N1d2 Qc6 21. Rad1 Bf5 22. Qc1 Qd5 23. Qa3 b5 24. Qxa7 Qc6 25. Qa3 Ra8 26.
Qb2 Qa6 27. Ne4 Bxe4 28. Rxe4 Qxa2 29. Qc1 g5 30. Re6 Rfe8 31. Rc6 Re2 32.
Rxc7+ Kg8 33. Rd2 Qa1 34. Qxa1 Rxa1+ 35. Kh2 Rae1 36. Rc5 Rxd2 37. Nxd2 Re2
38. Nf3 h6 39. Rxb5 Rc2 40. h4 g4 41. Rf5 Kg7 42. Ne5 Rxc3 43. Nxg4 Bxd4
44. Rd5 Rd3 45. Ne5 Bxe5 46. Rxe5 f3 47. g4 Rb3 48. b5 c3 49. Kg3 c2 50.
Rc5 Rxb5 51. Rxc2 h5 52. Rc7+ Kg6 53. g5 Rb4 54. Rc6+ Kg7 55. Rf6 Rg4+ 56.
Kh3 Rg1 57. Rxf3 Rg4 58. Rf6 Ra4 59. f3 Ra1 60. Rh6 Rh1+ 61. Kg3 Rg1+ 62.
Kh2 Rf1 63. Kg2 1-0

[Event "World Rapid 2023"]
[Site "Samarkand UZB"]
[Date "2023.12.26"]
[EventDate "2023.12.26"]
[Round "3.18"]
[Result "1/2-1/2"]
[White "Peter Svidler"]
[Black "Aleksey Dreev"]
[WhiteElo "2737"]
[BlackElo "2557"]
[PlyCount "46"]

1. e4 c5 2. Nf3 e6 3. g3 d5 4. exd5 exd5 5. Bg2 Qe7+ 6. Kf1 Nf6 7. d4 Be6
8. Be3 Qc7 9. Nc3 Be7 10. h3 O-O 11. Kg1 h6 12. Kh2 Rd8 13. Re1 Nc6 14.
dxc5 Ne4 15. Nd4 Nxd4 16. Bxd4 Bxc5 17. Nxe4 dxe4 18. Rxe4 Qb6 19. c3 Qxb2
20. Qb1 Qxb1 21. Rxb1 Bxa2 22. Rb2 Bxd4 23. Rxd4 1/2-1/2

[Event "World Rapid 2023"]
[Site "Samarkand UZB"]
[Date "2023.12.26"]
[EventDate "2023.12.26"]
[Round "3.19"]
[Result "1-0"]
[White "Vladimir Fedoseev"]
[Black "Ter-Sahakyan, Samvel"]
[WhiteElo "2741"]
[BlackElo "2531"]
[PlyCount "142"]

1. d4 Nf6 2. c4 e6 3. Nc3 d5 4. cxd5 exd5 5. Bg5 Bb4 6. Qa4+ Nc6 7. e3 h6
8. Bxf6 Qxf6 9. Bd3 Qg5 10. g3 O-O 11. Ne2 Bg4 12. h4 Qe7 13. h5 Rad8 14.
Rh4 Bd7 15. Qd1 Qg5 16. a3 Bxc3+ 17. Nxc3 Ne7 18. Qf3 c6 19. Rf4 Nc8 20.
O-O-O f5 21. Rh4 Nd6 22. Ne2 a5 23. Nf4 Ne4 24. Qe2 Rfe8 25. Qe1 Ra8 26.
Ng6 Be6 27. Kb1 Qd8 28. Rc1 Qd6 29. Rf4 b6 30. f3 Nf6 31. Ne5 Nxh5 32. Rxc6
Qe7 33. Rxf5 Bxf5 34. Bxf5 Nf6 35. Qc3 Rad8 36. Be6+ Qxe6 37. Rxe6 Rxe6 38.
Qc7 Rde8 39. Qf7+ Kh7 40. Qg6+ Kg8 41. g4 R8e7 42. Qc2 Re8 43. a4 R6e7 44.
Qb3 Re6 45. Qd3 Rd6 46. Qf5 Rf8 47. Qc2 Re6 48. Qc7 Rfe8 49. Qf7+ Kh7 50.
Ka2 R8e7 51. Qg6+ Kg8 52. Qf5 Re8 53. f4 Ne4 54. Qf7+ Kh7 55. f5 R6e7 56.
Qxd5 Nf6 57. Qh1 Kg8 58. Qc6 Rb8 59. Qd6 Reb7 60. Qc6 b5 61. Qe6+ Kh7 62.
Nc6 Re8 63. Qb3 Nxg4 64. axb5 Rxe3 65. Qc4 Nf6 66. Nd8 Rd7 67. Ne6 Rd5 68.
b6 Rxf5 69. Qc2 Ne4 70. b7 Rb5 71. Qc7 1-0

[Event "World Rapid 2023"]
[Site "Samarkand UZB"]
[Date "2023.12.26"]
[EventDate "2023.12.26"]
[Round "3.20"]
[Result "1-0"]
[White "Conrad Holt"]
[Black "Shakhriyar Mamedyarov"]
[WhiteElo "2548"]
[BlackElo "2746"]
[PlyCount "88"]

1. d4 Nf6 2. c4 g6 3. Nc3 d5 4. e3 e6 5. cxd5 exd5 6. Bd3 Bg7 7. Nge2 O-O
8. O-O a5 9. Bd2 Re8 10. Rc1 c6 11. f3 b5 12. Qe1 Nbd7 13. Qf2 Nb6 14. a3
Nc4 15. Bxc4 bxc4 16. Na4 Rb8 17. Rfe1 h5 18. Bc3 Bh6 19. Ng3 h4 20. Nf1 h3
21. g3 Nh7 22. Nd2 Ng5 23. e4 dxe4 24. fxe4 f5 25. d5 fxe4 26. Qd4 Kh7 27.
d6 Rb5 28. Nc5 Bf5 29. g4 e3 30. d7 exd2 31. dxe8=Q Qxe8 32. Rxe8 dxc1=Q+
33. Kf2 Qg1+ 34. Kxg1 Nf3+ 35. Kf2 Nxd4 36. Bxd4 Bg7 37. Re7 Bxg4 38. Bxg7
g5 39. Bd4+ Kg6 40. Kg3 Bf5 41. Rg7+ Kh5 42. Rf7 Bg6 43. Rf8 Bb1 44. Kxh3
1-0

[Event "World Rapid 2023"]
[Site "Samarkand UZB"]
[Date "2023.12.26"]
[EventDate "2023.12.26"]
[Round "3.22"]
[Result "1/2-1/2"]
[White "Denis Lazavik"]
[Black "Alexander Grischuk"]
[WhiteElo "2509"]
[BlackElo "2759"]
[PlyCount "58"]

1. d4 Nf6 2. c4 e6 3. Nf3 d5 4. g3 Be7 5. Bg2 O-O 6. O-O dxc4 7. Qc2 a6 8.
a4 Bd7 9. Qxc4 Bc6 10. Bg5 Bd5 11. Qd3 c5 12. Nc3 Bc6 13. Rfd1 Qa5 14. Ne5
cxd4 15. Qxd4 h6 16. Bf4 Bxg2 17. Kxg2 Nc6 18. Nxc6 bxc6 19. Qc4 Nd5 20.
Bd2 Qb6 21. e4 Nxc3 22. Bxc3 Rfd8 23. Rac1 c5 24. f3 Bg5 25. Rxd8+ Rxd8 26.
Re1 Bd2 27. Rd1 Bxc3 28. Rxd8+ Qxd8 29. Qxc3 1/2-1/2

[Event "World Rapid 2023"]
[Site "Samarkand UZB"]
[Date "2023.12.26"]
[EventDate "2023.12.26"]
[Round "3.23"]
[Result "1/2-1/2"]
[White "Andrey Esipenko"]
[Black "Aryan Tari"]
[WhiteElo "2694"]
[BlackElo "2540"]
[PlyCount "44"]

1. e4 e5 2. Nf3 Nc6 3. Bc4 Nf6 4. d3 Bc5 5. O-O d6 6. c3 a5 7. Re1 O-O 8.
h3 h6 9. Nbd2 Be6 10. Bb5 Bb6 11. Nf1 Ne7 12. Ng3 Nd7 13. d4 f5 14. exf5
Nxf5 15. Nxf5 Bxf5 16. Bc4+ Kh8 17. dxe5 Nxe5 18. Nxe5 dxe5 19. Qxd8 Raxd8
20. Be3 Bxe3 21. Rxe3 Rd2 22. Re2 1/2-1/2

[Event "World Rapid 2023"]
[Site "Samarkand UZB"]
[Date "2023.12.26"]
[EventDate "2023.12.26"]
[Round "3.24"]
[Result "1-0"]
[White "Van Foreest, Jorden"]
[Black "Anton Demchenko"]
[WhiteElo "2693"]
[BlackElo "2538"]
[PlyCount "98"]

1. e4 e5 2. Nf3 Nc6 3. d4 exd4 4. Nxd4 Bc5 5. Nb3 Bb6 6. Nc3 d6 7. Bf4 Nge7
8. Qd2 O-O 9. O-O-O Be6 10. h4 a5 11. a4 Nb4 12. h5 f6 13. Nd4 Bf7 14. h6
g6 15. Kb1 Nec6 16. Be3 Ne5 17. Be2 Qd7 18. f4 Nc4 19. Bxc4 Bxc4 20. b3 Bf7
21. Ndb5 Bxe3 22. Qxe3 Qe7 23. Qd4 Rad8 24. Rhe1 Rfe8 25. g4 Nc6 26. Qd2
Qd7 27. e5 fxe5 28. Ne4 Qe7 29. g5 Kh8 30. Nf6 Rf8 31. Nd4 Nxd4 32. Qxd4
Be6 33. Qc3 b6 34. fxe5 d5 35. Qc6 d4 36. Kb2 d3 37. c3 Bf5 38. Re3 d2 39.
Re2 b5 40. Rexd2 Rxd2+ 41. Rxd2 bxa4 42. Qxa4 Rb8 43. e6 Bxe6 44. Qd4 c5
45. Qe5 Rxb3+ 46. Kc2 Bf5+ 47. Kxb3 c4+ 48. Ka2 Bb1+ 49. Kxb1 1-0

[Event "World Rapid 2023"]
[Site "Samarkand UZB"]
[Date "2023.12.26"]
[EventDate "2023.12.26"]
[Round "3.1"]
[Result "1/2-1/2"]
[White "Laurent Fressinet"]
[Black "Arseniy Nesterov"]
[WhiteElo "2652"]
[BlackElo "2534"]
[PlyCount "84"]

1. d4 d5 2. Nf3 Nf6 3. c4 e6 4. Nc3 c6 5. e3 Nbd7 6. Be2 Bd6 7. O-O O-O 8.
a4 a5 9. Qc2 b6 10. e4 dxe4 11. Ng5 Qc7 12. g3 e5 13. Ncxe4 Nxe4 14. Nxe4
exd4 15. Bd3 h6 16. Nxd6 Qxd6 17. Bf4 Qf6 18. Qe2 Nc5 19. Be5 Qd8 20. Be4
Nxe4 21. Qxe4 Bh3 22. Rfe1 c5 23. g4 Qg5 24. Ra3 Qxg4+ 25. Rg3 Qxe4 26.
Rxe4 f6 27. Bd6 Bf5 28. Bxf8 Kxf8 29. Re2 Rd8 30. Kf1 Bb1 31. Ke1 d3 32.
Rd2 Bc2 33. Re3 Kf7 34. f3 g5 35. Rg2 Rd4 36. Kd2 f5 37. Rg1 Rxc4 38. Rge1
Rh4 39. Re7+ Kf8 40. Re8+ Kf7 41. R8e7+ Kf8 42. Re8+ Kf7 1/2-1/2

[Event "World Rapid 2023"]
[Site "Samarkand UZB"]
[Date "2023.12.26"]
[EventDate "2023.12.26"]
[Round "3.2"]
[Result "1-0"]
[White "Roman Kezin"]
[Black "Sabino Brunello"]
[WhiteElo "2497"]
[BlackElo "2651"]
[PlyCount "90"]

1. d4 Nf6 2. c4 e6 3. Nf3 d5 4. g3 Be7 5. Bg2 O-O 6. O-O dxc4 7. Qc2 a6 8.
a4 Bd7 9. Bg5 Bc6 10. Bxf6 Bxf6 11. Rd1 Nd7 12. e4 b5 13. e5 Be7 14. Ng5
Bxg5 15. Bxc6 Rb8 16. Nc3 bxa4 17. Rxa4 Be7 18. Rxa6 Nb6 19. Ra7 Bb4 20.
Nb5 Qg5 21. Nxc7 Be7 22. Na6 Nc8 23. Rc7 Rb6 24. Nc5 Qh5 25. Rd2 Rb8 26.
Nd7 Bd8 27. Rb7 Rxb7 28. Bxb7 Nb6 29. Nxf8 Kxf8 30. b3 cxb3 31. Qxb3 Qg5
32. f4 Qe7 33. Be4 g6 34. Kg2 Kg7 35. d5 exd5 36. Bxd5 Nxd5 37. Qxd5 Bb6
38. Rb2 Qc7 39. Qd6 Qb7+ 40. Kh3 Qc8+ 41. e6 Bd8 42. Rb8 Qc4 43. Rxd8 Qf1+
44. Kh4 g5+ 45. fxg5 1-0

[Event "World Rapid 2023"]
[Site "Samarkand UZB"]
[Date "2023.12.26"]
[EventDate "2023.12.26"]
[Round "3.3"]
[Result "1-0"]
[White "Parham Maghsoodloo"]
[Black "Kacper Piorun"]
[WhiteElo "2644"]
[BlackElo "2517"]
[PlyCount "110"]

1. c4 e5 2. Nc3 d6 3. Nf3 f5 4. d4 e4 5. Ng5 Be7 6. h4 Nf6 7. Bf4 h6 8. Nh3
c6 9. e3 O-O 10. Bg3 Be6 11. Nf4 Bf7 12. Be2 Nbd7 13. h5 d5 14. c5 Qc8 15.
b4 Bd8 16. a4 Re8 17. b5 Ba5 18. Rc1 Nf8 19. Bh4 Ng4 20. O-O Bc7 21. Bxg4
fxg4 22. Nce2 Bxf4 23. Nxf4 Qf5 24. bxc6 bxc6 25. Rb1 Bxh5 26. Rb7 Bf7 27.
Bg3 g5 28. Ne2 h5 29. Bd6 h4 30. a5 Ng6 31. a6 Qe6 32. Nc1 h3 33. g3 Qf5
34. Nb3 Be6 35. Na5 Bd7 36. Qe2 Nh8 37. Rfb1 Nf7 38. Rc7 Rec8 39. Rxc8+
Rxc8 40. Bb8 Kg7 41. Bxa7 Ra8 42. Rb7 Nd8 43. Bb6 Nxb7 44. axb7 Re8 45. Bc7
Qf8 46. Bd6 Qg8 47. Qb2 Qf7 48. Qe2 Qg8 49. Kh2 Kg6 50. Nb3 Be6 51. Nd2 Kh6
52. Nf1 Kg6 53. Kg1 Rd8 54. Qb2 Qf7 55. Nh2 1-0

[Event "World Rapid 2023"]
[Site "Samarkand UZB"]
[Date "2023.12.26"]
[EventDate "2023.12.26"]
[Round "3.4"]
[Result "1/2-1/2"]
[White "Klementy Sychev"]
[Black "Evgeny Tomashevsky"]
[WhiteElo "2481"]
[BlackElo "2628"]
[PlyCount "50"]

1. e4 e5 2. Nf3 Nc6 3. d4 exd4 4. Nxd4 Nf6 5. Nxc6 bxc6 6. e5 Qe7 7. Qe2
Nd5 8. g3 g6 9. c4 Ba6 10. Bg2 Bg7 11. O-O O-O 12. Qc2 Nb6 13. Re1 Bxc4 14.
b3 Bd5 15. Ba3 d6 16. Nc3 Qd7 17. Nxd5 cxd5 18. Rac1 Rfe8 19. exd6 cxd6 20.
Qd3 Rxe1+ 21. Rxe1 Rc8 22. Bxd5 Nxd5 23. Qxd5 h5 24. Qxd6 Qf5 25. Qf4
1/2-1/2

[Event "World Rapid 2023"]
[Site "Samarkand UZB"]
[Date "2023.12.26"]
[EventDate "2023.12.26"]
[Round "3.5"]
[Result "1-0"]
[White "Dmitry Andreikin"]
[Black "Velimir Ivic"]
[WhiteElo "2631"]
[BlackElo "2509"]
[PlyCount "58"]

1. Nf3 d5 2. d4 Nf6 3. c4 c6 4. e3 Bf5 5. Nc3 e6 6. Nh4 Be4 7. f3 Bg6 8.
Qb3 Qc7 9. Bd2 Be7 10. cxd5 Nxd5 11. Nxg6 hxg6 12. O-O-O a5 13. Kb1 Nxc3+
14. Bxc3 a4 15. Qc2 Nd7 16. e4 Nf6 17. d5 exd5 18. exd5 cxd5 19. Bb5+ Kf8
20. Bxa4 Qf4 21. Bb3 Rh5 22. Rhe1 Qxh2 23. Rxe7 Kxe7 24. Bb4+ Kd8 25. Qc5
Qe5 26. Re1 Nd7 27. Qb5 Qf6 28. Qxb7 Rc8 29. Ba5+ 1-0

[Event "World Rapid 2023"]
[Site "Samarkand UZB"]
[Date "2023.12.26"]
[EventDate "2023.12.26"]
[Round "3.6"]
[Result "1-0"]
[White "Jakub Kosakowski"]
[Black "Yuriy Kuzubov"]
[WhiteElo "2472"]
[BlackElo "2626"]
[PlyCount "74"]

1. e4 c5 2. Nf3 Nc6 3. d4 cxd4 4. Nxd4 Nf6 5. Nc3 e5 6. Ndb5 d6 7. Bg5 a6
8. Na3 b5 9. Nab1 Be7 10. Bxf6 Bxf6 11. a4 b4 12. Nd5 O-O 13. Bc4 Bg5 14.
O-O Kh8 15. Qd3 f5 16. Nd2 a5 17. Rad1 Bxd2 18. Qxd2 fxe4 19. Ne3 Nd4 20.
c3 bxc3 21. bxc3 Nf5 22. Bd5 Rb8 23. Bxe4 Nxe3 24. Qxe3 Qb6 25. Qe2 Be6 26.
Qd3 Rbd8 27. Bxh7 d5 28. Bg6 Bg4 29. Rb1 Qf6 30. h3 Bd7 31. Qg3 Bxa4 32. f4
exf4 33. Qg4 Kg8 34. Qh5 Rfe8 35. Rb7 Rd7 36. Qh7+ Kf8 37. Qh8+ 1-0

[Event "World Rapid 2023"]
[Site "Samarkand UZB"]
[Date "2023.12.26"]
[EventDate "2023.12.26"]
[Round "3.7"]
[Result "1/2-1/2"]
[White "M Pranesh"]
[Black "Javokhir Sindarov"]
[WhiteElo "2459"]
[BlackElo "2596"]
[PlyCount "94"]

1. e4 c5 2. Nf3 g6 3. d4 cxd4 4. Nxd4 Nc6 5. c4 Nf6 6. Nc3 d6 7. f3 Nxd4 8.
Qxd4 Bg7 9. Be3 O-O 10. Qd3 a5 11. Bd4 a4 12. Be2 Qa5 13. O-O Be6 14. Rab1
Rfc8 15. b3 axb3 16. axb3 Nd7 17. Bxg7 Kxg7 18. f4 Nf6 19. Kh1 Qc5 20. f5
Bd7 21. fxg6 fxg6 22. Nd5 Nxd5 23. exd5 Rf8 24. b4 Rxf1+ 25. Rxf1 Qxb4 26.
Qd4+ Kg8 27. Qf4 Bf5 28. g4 e5 29. Qe3 Ra3 30. Qg5 Be4+ 31. Kg1 Qb6+ 32.
Rf2 Ra8 33. Qf6 Ra1+ 34. Bf1 Rxf1+ 35. Kxf1 Qb1+ 36. Ke2 Qc2+ 37. Ke1 Qc1+
38. Ke2 Qxc4+ 39. Ke1 Qc3+ 40. Ke2 Qc2+ 41. Ke1 Qb1+ 42. Ke2 Qb5+ 43. Ke1
Qb1+ 44. Ke2 Qd3+ 45. Ke1 Qe3+ 46. Kd1 Qd4+ 47. Ke1 Qe3+ 1/2-1/2

[Event "World Rapid 2023"]
[Site "Samarkand UZB"]
[Date "2023.12.26"]
[EventDate "2023.12.26"]
[Round "3.9"]
[Result "0-1"]
[White "Ernur Amangeldy"]
[Black "Kirill Shevchenko"]
[WhiteElo "1952"]
[BlackElo "2619"]
[PlyCount "150"]

1. d4 Nf6 2. c4 g6 3. Nc3 Bg7 4. e4 d6 5. Be2 O-O 6. Nf3 Na6 7. Be3 c6 8.
O-O e5 9. d5 Ng4 10. Bg5 f6 11. Bh4 Nh6 12. Nd2 Bd7 13. f3 Nf7 14. a3 c5
15. Rb1 Nc7 16. b4 b6 17. Nb5 a6 18. Nc3 Rb8 19. Bf2 Qe7 20. bxc5 dxc5 21.
a4 a5 22. Nb5 Bxb5 23. cxb5 Ne8 24. d6 Nexd6 25. Nc4 Rfd8 26. Qc2 Ng5 27.
Bh4 Kh8 28. Bxg5 fxg5 29. Ne3 Ne8 30. Nd5 Qf8 31. Bc4 Rd6 32. Rbd1 Rb7 33.
Qc1 h6 34. h3 Kh7 35. Kh1 Rdd7 36. Rd3 Nf6 37. Nxf6+ Qxf6 38. Bd5 Rbc7 39.
Rfd1 Rd8 40. Qe3 h5 41. Qe2 Qf4 42. Rc3 Rcd7 43. Rcd3 Kh8 44. Qd2 Qf6 45.
Qe2 Rd6 46. R3d2 Qf4 47. Rd3 Bf6 48. Qd2 Kg7 49. Re1 c4 50. Qxf4 exf4 51.
Rdd1 c3 52. Re2 Be5 53. Kg1 Rc8 54. Rc2 Rc4 55. Ra1 Rb4 56. Kf2 Kf6 57. Ke2
Rd8 58. Kf2 Rc8 59. Ke2 Rc5 60. Kf2 Rb2 61. Ra2 Rb1 62. Ke2 Bd4 63. Kd3 Ke5
64. Ke2 Rc8 65. Kd3 g4 66. Ke2 Rg1 67. Kd3 gxf3 68. gxf3 Rg3 69. Ke2 Rxh3
70. Rc1 Rh2+ 71. Kd3 Rd2+ 72. Rxd2 cxd2 73. Rd1 Be3 74. Bf7 Rc1 75. Ke2 h4
0-1